书目信息 |
| 题名: |
美术基础
|
|
| 作者: | 乐华 , 乔洪娟 , 刘丽晶 主编 | |
| 分册: | 色彩 | |
| 出版信息: | 成都 四川美术出版社 2020.8 |
|
| 页数: | 120页 | |
| 开本: | 29cm | |
| 丛书名: | ||
| 单 册: | ||
| 中图分类: | J21 | |
| 科图分类: | ||
| 主题词: | 绘画技法--教材 , 水粉画--绘画技法--教材 | |
| 电子资源: | ||
| ISBN: | 978-7-5410-7417-2 | |
| 000 | 01101nam0 2200265 45 | |
| 001 | 012001000955 | |
| 005 | 20130910102037.0 | |
| 010 | @a978-7-5410-7417-2@dCNY49.80 | |
| 100 | @a20171222d2017 em y0chiy0110 ea | |
| 101 | 0 | @achi |
| 102 | @aCN@b510000 | |
| 105 | @aa z 000yy | |
| 106 | @ar | |
| 200 | 1 | @a美术基础@Amei shu ji chu@i色彩@f乐华, 乔洪娟, 刘丽晶主编 |
| 210 | @a成都@c四川美术出版社@d2020.8 | |
| 215 | @a120页@d29cm | |
| 330 | @a本书将建筑与艺术设计类专业相近的基础课程加以融合,力图按照专业一体化的原则安排课程,以实现课程跨学科整合。在内容上以延续经典、面向未来为主导思想,既介绍经过多年沉淀的、已规范化的经典教学内容,同时也注重创新,并配有新颖的图片,以体现教材的时代感。设计基础部分的选图以国内各大美术学院设计学院基础部为主.结合其他院校师生的优秀作品,增加了教学案例的示范意义。 | |
| 606 | 0 | @a绘画技法@j教材 |
| 606 | 0 | @a水粉画@x绘画技法@j教材 |
| 690 | @aJ21@v5 | |
| 701 | 0 | @a乐华@Ale hua@c(艺术)@4主编 |
| 701 | 0 | @a乔洪娟@Aqiao hong juan@c(艺术)@4主编 |
| 701 | 0 | @a刘丽晶@Aliu li jing@4主编 |
| 801 | @aCN@b江苏凤凰@c20211018 | |
| 905 | @b1341653-5@dJ21@e1273@f3 | |
| 美术基础.色彩/乐华, 乔洪娟, 刘丽晶主编.-成都:四川美术出版社,2020.8 |
| 120页;29cm |
| ISBN 978-7-5410-7417-2:CNY49.80 |
| 本书将建筑与艺术设计类专业相近的基础课程加以融合,力图按照专业一体化的原则安排课程,以实现课程跨学科整合。在内容上以延续经典、面向未来为主导思想,既介绍经过多年沉淀的、已规范化的经典教学内容,同时也注重创新,并配有新颖的图片,以体现教材的时代感。设计基础部分的选图以国内各大美术学院设计学院基础部为主.结合其他院校师生的优秀作品,增加了教学案例的示范意义。 |
| ● |
| 相关链接 |
|
|
|
|
正题名:美术基础
索取号:J21/1273
 
预约/预借
| 序号 | 登录号 | 条形码 | 馆藏地/架位号 | 状态 | 备注 |
| 1 | 1341653 | 213416533 | 第一样本阅览室/ [索取号:J21/1273] | 在馆 | |
| 2 | 1341654 | 213416542 | 第一借阅区/ [索取号:J21/1273] | 在馆 | |
| 3 | 1341655 | 213416551 | 第一借阅区/ [索取号:J21/1273] | 在馆 |